| 000 | 00804 a2200253 4500 | ||
|---|---|---|---|
| 001 | 45454 | ||
| 005 | 20260407155727.0 | ||
| 008 | 260407a1972 arg spa d | ||
| 003 | AR-UNSa-BCEJYS | ||
| 040 |
_aAR-UNSa-BCEJYS _bspa _cAR-UNSa-BCEJYS |
||
| 080 |
_a(038.2)=111 _xDiccionario bilingüe español-inglés, inglés-español |
||
| 245 | 1 | 0 |
_aNuevo Diccionario de Cuyas _pInglés-Español y Español- Inglés de Appleton |
| 020 | _a0-13-611756-2 | ||
| 250 | _a5a. ed. | ||
| 264 | 1 |
_aNew Jersey : _bPrentice/Hall Internacional _c1972 |
|
| 300 |
_axxviii, 698 - xxix, 589 p. _c24 cm. |
||
| 041 | _aspa | ||
| 942 | _cBK | ||
| 590 | _aniveau_biblio:m niveau_hierar:0 | ||
| 100 | 1 | _aBrett, Lewis E. | |
| 700 | 1 | _aCuyás, Arturo | |
| 700 | 1 | _aEaton, Helen S. | |
| 700 | 1 | _aBeveraggi Allende, Walter | |
| 999 |
_c3930 _d3930 |
||